El rollo de mis padres / (Record no. 99455)

MARC details
000 -LEADER
campo de control de longitud fija 00593nam a2200217 i 4500
001 - NÚMERO DE CONTROL
campo de control 99455
003 - IDENTIFICADOR DE NÚMERO DE CONTROL
campo de control ES-MaACL
005 - FECHA Y HORA DE LA ÚLTIMA TRANSACCIÓN
campo de control 20230906182512.0
007 - CAMPO FIJO DE DESCRIPCIÓN FÍSICA--INFORMACIÓN GENERAL
campo de control de longitud fija t|
008 - DATOS DE LONGITUD FIJA--INFORMACIÓN GENERAL
campo de control de longitud fija 050908s1983 sp ||||1| spa d
020 ## - NÚMERO INTERNACIONAL ESTÁNDAR DEL LIBRO
Número Internacional Estándar del Libro 84-320-4171-8
100 1# - ENTRADA PRINCIPAL--NOMBRE DE PERSONA
Nombre de persona Martín Vigil, José Luis.
9 (RLIN) 77676
245 13 - MENCIÓN DEL TÍTULO
Título El rollo de mis padres /
Mención de responsabilidad, etc. José Luis Martín Vigil.
250 ## - MENCION DE EDICION
Mención de edición [5ª ed.].
260 ## - PUBLICACIÓN, DISTRIBUCIÓN, ETC.
Lugar de publicación, distribución, etc. Barcelona :
Nombre del editor, distribuidor, etc. Planeta,
Fecha de publicación, distribución, etc. 1983.
300 ## - DESCRIPCIÓN FÍSICA
Extensión 335 p. ;
Dimensiones 18 cm.
490 1# - MENCIÓN DE SERIE
Mención de serie Fábula ;
Designación de volumen o secuencia 71
830 0# - PUNTO DE ACCESO ADICIONAL DE SERIE-TÍTULO UNIFORME
Título uniforme Fábula ;
Designación de volumen o secuencia 71
9 (RLIN) 179737
852 ## - LOCALIZACIÓN
Ubicación ES-MaACL
Número de control de estantería L-9021
Sublocalización o colección R.107324
Holdings
Estatus retirado Estado de pérdida Estado de daño No para préstamo Biblioteca de origen Biblioteca actual Ubicación en estantería Fecha de adquisición Fuente de adquisición Total de préstamos Signatura topográfica completa Código de barras Visto por última vez Precio de reemplazo Tipo de ítem Koha
        Biblioteca del Ateneo de Madrid Biblioteca del Ateneo de Madrid Depósito 2 17/01/2008     L-9021 1103848 23/02/2023 23/02/2023 Libro impreso